| 000 | 00837cad a22002055a 4500 | ||
|---|---|---|---|
| 001 | L157444 | ||
| 008 | 121130s2012 xxk f 000 0 eng d | ||
| 035 | _a(Sirsi) u157444 | ||
| 041 | 0 | _aeng | |
| 110 | 2 |
_aUnited Kingdom _bDepartment of Energy and Climate Change _95850 |
|
| 245 | 0 | 0 |
_aIntroductory quick guide to the Green Deal _h[electronic resource] |
| 260 |
_aLondon _bDECC _c2012 |
||
| 520 | _aGives a brief introduction to the Green Deal. Includes the necessary steps in order to obtain a Green Deal and how to pay for it. | ||
| 590 | _aKA | ||
| 651 | 4 | _aUnited Kingdom | |
| 690 |
_aEnergy _96237 |
||
| 690 |
_aSustainability _96271 |
||
| 856 | 4 | 0 |
_uhttps://www.decc.gov.uk/assets/decc/11/tackling-climate-change/green-deal/6634-the-green-deal-a-new-way-to-pay.pdf _zView the item free of charge at www.decc.gov.uk |
| 942 | _n0 | ||
| 999 |
_c114773 _d114773 |
||